India in the Buddhist period: (Record no. 19414)

000 -LEADER
fixed length control field 00500nam a22001691a 4500
020 ## - INTERNATIONAL STANDARD BOOK NUMBER
International Standard Book Number 9788185268439
082 ## - DEWEY DECIMAL CLASSIFICATION NUMBER
Classification number H 934
Item number SIT/I
100 ## - MAIN ENTRY--PERSONAL NAME
Personal name Sita Ram Dube (ed.)
9 (RLIN) 148268
245 ## - TITLE STATEMENT
Title India in the Buddhist period:
Remainder of title proceedings of national seminar/
Statement of responsibility, etc. edited by Sita Ram Dube
260 ## - PUBLICATION, DISTRIBUTION, ETC.
Place of publication, distribution, etc. Delhi:
Name of publisher, distributor, etc. Pratibha,
Date of publication, distribution, etc. 1996.
300 ## - PHYSICAL DESCRIPTION
Extent 230p.
500 ## - GENERAL NOTE
General note Dube Sita Ram
650 ## - SUBJECT ADDED ENTRY--TOPICAL TERM
Topical term or geographic name entry element India Buddhist Period
9 (RLIN) 148269
650 ## - SUBJECT ADDED ENTRY--TOPICAL TERM
Topical term or geographic name entry element History India Ancient
9 (RLIN) 148270
650 ## - SUBJECT ADDED ENTRY--TOPICAL TERM
Topical term or geographic name entry element History
9 (RLIN) 148271
942 ## - ADDED ENTRY ELEMENTS (KOHA)
Koha item type Book
Holdings
Withdrawn status Lost status Damaged status Not for loan Permanent Location Current Location Date acquired Cost, normal purchase price Total Checkouts Full call number Barcode Date last seen Cost, replacement price Price effective from Koha item type
        Sree Sankaracharya University of Sanskrit Sree Sankaracharya University of Sanskrit 08.01.2015 350.00   H 934 SIT/I 013340 08.01.2015 0.00 08.01.2015 Book